000 01840nam a22002177a 4500
003 0
005 20240906101046.0
008 240906b xxu||||| |||| 00| 0 eng d
020 _a978-0-367-68422-8
050 _aRC 489
_bB47 2023
100 _aBeres, Laura
_eauthor.
245 _aThe language of the soul in narrative therapy :
_bspirituality in clinical theory and practice /
_cLaura Béres ; with contributions from David Crawley.
260 _aNew York, NY :
_bRoutledge,
_c2023.
300 _aviii, 194 p. :
_c23 cm.
504 _aIncludes bibliographical references and index.
520 _a"The Language of the Soul in Narrative Therapy uniquely bridges the gap between narrative therapy and spirituality to describe how the theory and practice of narrative therapy may be expanded and enriched by incorporating the language of the soul. Divided into three parts, the book begins by contextualizing the approach of narrative therapy and spirituality. Chapters then debate the complexity of the 'soul' as a term drawing on the work of Christian mystics and philosophers, such as Teresa of Avila, Edith Stein, Merleau-Ponty, and Bakhtin, to show how their theoretical ideas can be incorporated in counseling practice and spiritual direction. The book concludes by discussing how the language of the soul can be integrated and applied in postmodern practice. With case examples from faith belief systems, such as Christianity, Buddhism, Paganism, Wicca, and Yazidism, throughout, this book is essential reading for therapists, clinical social workers, and counsellors in practice and graduate training, as well as spiritual directors and pastoral counselors interested in the ideas and practices of narrative therapy"--
650 _aNarrative therapy.
650 _aSpirituality.
650 _aPsychotherapy.
942 _2lcc
_cBK
999 _c366184
_d366184